Aktueller BSC Young Boys Kader - Statistiken

Allgemein
  • Dieses Quiz wurde 86 mal gespielt
    50 seit der letzten Aktualisierung
  • Das Durchschnittsergebnis liegt bei 15 aus 34
Antwortstatistiken
Nr. Position Antwort % Korrekt
26 TW David von Ballmoos
94%
33 TW Marvin Keller
94%
23 IV Loris Benito
81%
30 ZM Sandro Lauper
81%
27 RV Lewin Blum
77%
40 TW Dario Marzino
71%
13 IV Mohamed Camara
71%
9 MS Cedric Itten
68%
3 LV Jaouen Hadjam
65%
77 RM Joël Monteiro
65%
15 MS Meschack Elia
65%
7 LM Filip Ugrinic
61%
10 LM Kastriot Imeri
61%
21 LF Alan Virginius
58%
39 RM Darian Males
58%
17 RV Saidy Janko
52%
4 IV Tanguy Zoukrou
52%
35 MS Silvere Ganvoula
48%
8 ZM Lukasz Lakomy
42%
24 RV Zachary Athekame
42%
11 RF Ebrima Colley
39%
5 IV Anel Husic
32%
20 DM Cheikh Niasse
29%
14 DM Miguel Chaiwa
29%
22 LV Abdu Conté
26%
18 TW Ardian Bajrami
23%
31 MS Facinet Conte
23%
6 IV Patric Pfeiffer
13%
47 RF Malik Deme
6%
50 IV Sadin Crnovrsanin
6%
56 ZM Alexandre Jankewitz
3%
54 IV Joel Bichsel
3%
19 LV Noah Persson
3%
51 OM Théo Golliard
3%
Keine übereinstimmenden Quizze gefunden
Verteilung der Resultate
Anzahl Personen mit jedem Resultat
Perzentil nach korrekt beantworteten Fragen
Ihre Resultats-Entwicklung
Sie haben dieses Quiz seit der letzten Aktualisierung nicht gespielt